| 000 | 00000nam 2200000zi 4500 |
| 001 | 9.945097 |
| 003 | CaOODSP |
| 005 | 20250106101734 |
| 006 | m o d f |
| 007 | cr cn |||||||| |
| 008 | 241112e202412 oncbd ob f000 0 fre d |
| 020 | |a9780660744650 |
| 040 | |aCaOODSP|bfre|erda|cCaOODSP |
| 043 | |an-cn-bc |
| 086 | 1 |aFs70-5/2024-079F-PDF |
| 100 | 1 |aJenewein, Brittany, |eauteur. |
| 245 | 10|aVitesse de migration, période de montaison et itinéraire de migration de la truite arc-en-ciel du Fraser intérieur / |cBrittany Jenewein, Brooke Davis, Anna Potapova, Catarina Wor, Paul van Dam-Bates et Mike Hawkshaw. |
| 264 | 1|aOttawa (Ontario) : |bSecrétariat canadien de consultation scientifique (SCCS), |cdécembre 2024. |
| 264 | 4|c©2024 |
| 300 | |a1 ressource en ligne (vi, 37 pages) : |bcartes, graphiques. |
| 336 | |atexte|btxt|2rdacontent/fre |
| 337 | |ainformatique|bc|2rdamedia/fre |
| 338 | |aressource en ligne|bcr|2rdacarrier/fre |
| 490 | 1 |aDocument de recherche, |x2292-4272 ; |v2024/079 |
| 500 | |aPublié aussi en anglais sous le titre : Migration speed, run timing, and migration route for interior Fraser steelhead trout. |
| 504 | |aComprend des références bibliographiques (pages 30-33). |
| 650 | 6|aTruite arc-en-ciel|xMigration|zColombie-Britannique|zFraser, Fleuve. |
| 710 | 1 |aCanada. |bMinistère des pêches et des océans, |eorganisme de publication. |
| 710 | 2 |aSecrétariat canadien de consultation scientifique, |eorganisme de publication. |
| 775 | 08|tMigration speed, run timing, and migration route for interior Fraser steelhead trout / |w(CaOODSP)9.945098 |
| 830 | #0|aDocument de recherche (Secrétariat canadien de consultation scientifique)|v2024/079.|w(CaOODSP)9.503788 |
| 856 | 40|q PDF|s3.41 Mo|uhttps://publications.gc.ca/collections/collection_2025/mpo-dfo/fs70-5/Fs70-5-2024-079-fra.pdf |